000 00444nam a2200181Ia 4500
001 9569
005 20260306161728.0
008 260306t1998||||xx |||||||||||||| ||spa||
041 _aESP
082 _a382.1
_bD23A
100 _aDaniels, John D.
_eAUT
245 0 _aInternational business:
_benvironments and operations
260 _c1998
300 _a909 páginas :
_c26 cm.
650 _aGEN
654 _aCAN
942 _cLIB
_dJUS
_fJUS
_2ddc
_n
999 _c9569
_d9569